| 000 | 00423nam a22001577a 4500 | ||
|---|---|---|---|
| 999 |
_c478695 _d478695 |
||
| 003 | NUST | ||
| 005 | 20180709062135.0 | ||
| 008 | 180709b ||||| |||| 00| 0 eng d | ||
| 038 | _a0 | ||
| 040 | _a0 | ||
| 082 | _a951 | ||
| 100 | _4 Ministry of Culture of the People's Republic of China | ||
| 245 | _aChinese Folk Arts and Crafts | ||
| 260 | _b Ministry of Culture of the People's Republic of China | ||
| 942 |
_2ddc _cCD |
||